| 000 | 01218nam a22002657a 4500 | ||
|---|---|---|---|
| 005 | 20110127111440.0 | ||
| 008 | 110127t xxu||||| |||| 00| 0 hin d | ||
| 010 | _aHIN-91658 | ||
| 020 |
_c395.00 _a9788188790265 |
||
| 035 | _aHN-64004 | ||
| 037 | _bDBAD / PUB | ||
| 040 |
_aDPL _bHN |
||
| 082 | _a821.08 | ||
| 100 |
_925632 _aआस्तिक, वीरेन्द्र |
||
| 245 |
_aधार पर हम (दो) / _cवीरेन्द्र आस्तिक |
||
| 246 |
_aDhar par hum (do) _bby Virendra Aastik |
||
| 260 |
_aनई दिल्ली _bकल्पना प्रकाशन _c2010 |
||
| 270 |
_aबी-1770, जहाँगीरपुरी (नजदीक स्टेट बैंक ऑफ इण्डिया) _bदिल्ली _e110033 |
||
| 300 |
_a240पृ. _c22सेमी (सजिल्द) _bसचित्र |
||
| 650 |
_9657 _aहिन्दी कविता |
||
| 650 | _925656 | ||
| 700 | _925634 | ||
| 942 |
_2ddc _cHN _h821.08 _mआस्तिक |
||
| 999 |
_c50159 _d50159 |
||